000 00621nam a2200277Ia 4500
005 20260324133659.0
008 008 260324s9999 xx 000 0 eng d
020 _a9781315092591
037 _aEBOOK
040 _aCRL
040 _beng
040 _cCRL
041 _2eng
041 _aeng
084 _qCRL
100 _aNikos Passas
_91166653
245 0 _aInternational Crimes
260 _bTaylor and Francis
260 _c2003
365 _a
365 _b510
856 _uhttp://www.taylorfrancis.com/books/9781315092591
942 _cEBOOK
999 _c1793305
_d1793305